Ariana Grande - fake smile (lyrics) - Statistics

General Stats
  • This quiz has been taken 824 times
  • The average score is 209 of 257
Answer Stats
Answer % Correct
A
99%
I
98%
Fake
97%
Smile
97%
Smile,
97%
I'm
95%
To
93%
Another
92%
Can
92%
Say
92%
It
91%
Be
90%
Every
90%
Go
90%
Party,
90%
The
90%
And
88%
Can't
88%
If
88%
Hi
87%
Me
87%
Sayin'
87%
After
86%
All
86%
Everybody
86%
For
86%
Night,
86%
It's
85%
Now
85%
Now,
85%
Alright
84%
Happy
84%
Love
84%
Sorry,
84%
Above
83%
Been
83%
Lie
83%
Of
83%
Much
82%
Through
82%
Through,
82%
Too
82%
Like
81%
Got
80%
Honest
80%
My
80%
Gon'
79%
Not
79%
Being
78%
Fine
78%
Leave,
78%
Leave
78%
What
78%
Way
77%
Car?
76%
Feeling
76%
Far
75%
Gotta
75%
Walk
75%
About
74%
Then
74%
Alone,
73%
Make
73%
Somebody
73%
Very
73%
Won't
73%
Laughter
72%
Somewhere
72%
Tears
72%
Time
72%
Comes
71%
Know
71%
That
71%
You
70%
Don't
68%
But
67%
Crazy
66%
Want
66%
Grateful,
65%
On
65%
They
65%
Life
64%
With
64%
Baby,
63%
Chose
63%
TV,
63%
Yeah
63%
Hard
61%
Shock
61%
Attitude,
60%
Blame
60%
Them
60%
Ain't
59%
Ooh,
59%
Things
59%
Getting
58%
Lips
55%
Neck
55%
Write
55%
Saying
54%
Shocking,
54%
Arms
53%
Crossed
53%
Read
53%
Starving
53%
Roll
52%
Hear
51%
Ah
46%
Done
46%
Hurt,
46%
They're
45%
Mad,
41%
Pouted
41%
No matching quizzes found
Score Distribution
Percent of People with Each Score
Percentile by Number Answered
Your Score History
You have not taken this quiz